000 00288nam a2200109Ia 4500
008 190216s9999||||xx |||||||||||||| ||und||
100 _aJames Martin
245 0 _aPrinciples Of Data Base Management
260 _bCalicut University Central Co-Operative
_c2000
300 _a345p
942 _cBK
999 _c6151
_d6151